000 00465nam a2200181Ia 4500
008 100917s9999 xx 000 0 und d
082 _b53664
100 _aसाठे शं. गो.
245 _aशिलंगण
260 _bश्री. वि. दामले
_c1942
300 _a106
365 _b1
520 _aकविता
630 _aशिलंगण
650 _aकविता
730 _aशिलंगण
942 _cBOOK
999 _c659058
_d659055